<?xml version="1.0" encoding="UTF-8"?>
<record
    xmlns:xsi="http://www.w3.org/2001/XMLSchema-instance"
    xsi:schemaLocation="http://www.loc.gov/MARC21/slim http://www.loc.gov/standards/marcxml/schema/MARC21slim.xsd"
    xmlns="http://www.loc.gov/MARC21/slim">

  <leader>01631nam a22002057a 4500</leader>
  <controlfield tag="003">IT-MiCISF</controlfield>
  <controlfield tag="005">20250108125116.0</controlfield>
  <controlfield tag="008">170630b        xxu||||| |||| 00| 0 eng d</controlfield>
  <datafield tag="040" ind1=" " ind2=" ">
    <subfield code="a">IT-MiCISF</subfield>
    <subfield code="c">IT-MiCISF</subfield>
  </datafield>
  <datafield tag="041" ind1=" " ind2=" ">
    <subfield code="a">it</subfield>
  </datafield>
  <datafield tag="100" ind1=" " ind2=" ">
    <subfield code="a">Canzi Elena</subfield>
    <subfield code="9">56536</subfield>
  </datafield>
  <datafield tag="245" ind1=" " ind2=" ">
    <subfield code="a">Omogenitorialit&#xE0;, filiazione e dintorni.</subfield>
    <subfield code="b">Un'analisi critica delle ricerche</subfield>
  </datafield>
  <datafield tag="260" ind1=" " ind2=" ">
    <subfield code="a">Milano,</subfield>
    <subfield code="b">Vita e Pensiero,</subfield>
    <subfield code="c">2017</subfield>
  </datafield>
  <datafield tag="300" ind1=" " ind2=" ">
    <subfield code="a">pp. 119</subfield>
  </datafield>
  <datafield tag="500" ind1=" " ind2=" ">
    <subfield code="a">genitorialit&#xE0;, omosessualit&#xE0;</subfield>
  </datafield>
  <datafield tag="520" ind1=" " ind2=" ">
    <subfield code="a">Il volume documenta le ricerche psicosociali pi&#xF9; significative condotte sul tema dell&#x2019;omogenitorialit&#xE0; dagli anni &#x2019;90 fino ad oggi, di approccio sia quantitativo sia qualitativo. La prima parte &#xE8; dedicata agli studi sulle coppie omosessuali, con un&#x2019;attenzione particolare ai processi di scelta del percorso genitoriale e alle dinamiche relazionali in gioco nella transizione. La seconda parte presenta i risultati delle ricerche circa gli esiti di sviluppo dei figli di coppie omosessuali, soffermandosi non solo sui costrutti tradizionali di benessere come l&#x2019;adattamento comportamentale, ma anche sugli aspetti identitari, quali le domande di senso circa le proprie origini. Una terza parte &#xE8; dedicata alle coppie adottive omosessuali: vengono messi a tema gli elementi di differenza che rendono l&#x2019;adozione un percorso con sfide specifiche e l&#x2019;adozione da parte di coppie omosessuali un percorso ancor pi&#xF9; complesso. Infine, a titolo esemplificativo, vengono riportate alcune schedature analitiche degli studi pi&#xF9; emblematici sui temi affrontati.</subfield>
  </datafield>
  <datafield tag="650" ind1=" " ind2=" ">
    <subfield code="a">genitorialit&#xE0;</subfield>
    <subfield code="9">56044</subfield>
  </datafield>
  <datafield tag="654" ind1=" " ind2=" ">
    <subfield code="a">saggio</subfield>
  </datafield>
  <datafield tag="942" ind1=" " ind2=" ">
    <subfield code="2">ddc</subfield>
    <subfield code="c">BK</subfield>
  </datafield>
  <datafield tag="999" ind1=" " ind2=" ">
    <subfield code="c">336737</subfield>
    <subfield code="d">336737</subfield>
  </datafield>
  <datafield tag="952" ind1=" " ind2=" ">
    <subfield code="0">0</subfield>
    <subfield code="1">0</subfield>
    <subfield code="2">ddc</subfield>
    <subfield code="4">0</subfield>
    <subfield code="6">B_7375_000000000000000</subfield>
    <subfield code="7">1</subfield>
    <subfield code="a">CISF</subfield>
    <subfield code="b">CISF</subfield>
    <subfield code="d">2017-06-30</subfield>
    <subfield code="l">0</subfield>
    <subfield code="o">b7375</subfield>
    <subfield code="p">9788834333419</subfield>
    <subfield code="r">2017-06-30 00:00:00</subfield>
    <subfield code="w">2017-06-30</subfield>
    <subfield code="y">BK</subfield>
  </datafield>
</record>
